| LEADER | 00763nab#a2200301#ar4500 | ||
|---|---|---|---|
| 001 | 000008913 | ||
| 003 | SVKKK | ||
| 005 | 20030805094559.0 | ||
| 008 | 030805c1999 e sloo | ||
| FMT | |||
| 038 | |a SVKKK | ||
| 040 | |a SVKKK |b slo |e AACR2 | ||
| 041 | 0 | |a slo | |
| 080 | |a 785.1 |2 1981 | ||
| 100 | 1 | |a Petruška, Igor |4 aut | |
| 245 | 1 | 0 | |a Jazz je o úprimnosti : |b Anketa medzi účastníkmi V. medzinárodného jazzového festivalu Košice'99 |c Petruška Igor, |
| 260 | |c 1999 | ||
| 650 | 0 | 4 | |a ankety |
| 650 | 0 | 4 | |a džez |
| 650 | 0 | 4 | |a jazz |
| 650 | 0 | 4 | |a roč. 5. |z Košice |
| 773 | 0 | |t Košický večer |g Roč. 10, č. 221(1999), dát. 1117, s. 6 | |
| 957 | |a Košice | ||
| 974 | |a Cr | ||
| 992 | |a RBX | ||
| BAS | |||
| 852 | |a SVKKK |b BIB | ||
| 998 | |a REG | ||